vufinder Bibliothèque Municipale de Charleval de Provence
Se connecter

Goût du temps dans la bouche (Le)

roman

Book Cover
Auteur principal: Séverine Vidal Auteur du texte
Support: Livres
Langue: Francais
Publié: 2022 Robert Laffont Paris
Genre: Roman
Collection: L'incendie
Sujets:
Étiquettes: Ajouter
Pas de Tags !

LEADER 01417nam0a2200205 450
001 16838995
010 |a 978-2-221-25473-8  |b br.  |d 19 € 
100 |a 20220126d2022 u u0frey01 ba 
101 0 |a fre 
102 |a FR 
200 0 |a Goût du temps dans la bouche (Le)  |e roman 
207 1 |a   
210 |a Paris  |c Robert Laffont  |d 2022 
215 |a 1 vol. (336 p.)  |d 21 cm 
225 1 |a L'incendie 
330 |a Un roman choral vibrant sur les liens du sang et leurs secrets, sur ces attaches que l'on porte dans notre chair, sur ces morceaux épars de tendresse, de peine et de drôlerie qui nous rendent vivants.Rentrée Littéraire d'Hiver 2022 Nico s'est exilé en Suède et a coupé les ponts avec sa famille. Sa grand-tante Suzanne est la seule à qui il a laissé une place dans sa vie. Et elle compte bien l'avoir auprès d'elle pour fêter ses cent ans. Entre eux s'est tissé un lien puissant, dont ni l'un ni l'autre ne soupçonne l'origine. Depuis un siècle, une voix traverse les époques, désespérant de se faire entendre. Celle d'un fantôme qui hante chacun des membres de cette famille. Une voix qu'il faudra écouter pour rassembler les pièces du puzzle et se tourner, enfin, vers la lumière. 
700 0 |a Vidal  |b Séverine  |c Auteur du texte  |f 1969-....  |4 70 
900 |a Roman 
901 |a Accessible au prêt 
995 |a Bibliothèque  |c Bibliothèque  |f 024022282  |h 024022282  |k R VID  |o p  |q a  |r az  |e Bibliothèque 

Options de recherche

Historique de recherche
Recherche avancée

Trouver plus

Nouveautés

Besoin d'aide ?

Contacter un bibliothécaire